000 00378cam a22001217a 4500
008 180718b1965 xxu||||| |||| 00| 0 eng d
082 _aA81x54 In2/61/Vol 5/Pt 1-C
100 _aCensus of India 1961
245 _aGujarat: subsidiary tables
260 _aDelhi
_bThe Manager of Publications
_c1965
300 _a536+p.
440 _aCensus of India 1961. Volume V, Gujarat. Part I-C
999 _c484109
_d484109